000 00598nam a22001937a 4500
999 _c41338
_d41338
003 OSt
005 20210623120242.0
008 210623b ||||| |||| 00| 0 eng d
020 _a9789352706921
040 _coclc
082 _a612
_bSEM/R
100 _98609
_aSembulingam K
245 _aReview of Medical Physiology/
_cK Sembulingam, Prema Sembulingam
250 _a3rd ed.
260 _aNew Delhi:
_bJaypee Brothers,
_c2021.
300 _a144 pages
500 _aA free companion to Essentials of medical physiology, 8/e
942 _2ddc
_cBK
_h612
_iSEM/R
_k612
_mSEM/R